|
|
|
|
| LEADER |
00000nam0a2200000 4500 |
| 001 |
298471 |
| 005 |
20231102001116.0 |
| 020 |
|
|
|a RU
|b 84-62031
|
| 035 |
|
|
|a (RuTPU)RU\TPU\book\323614
|
| 090 |
|
|
|a 298471
|
| 100 |
|
|
|a 20150618d1984 km y0rusy5003 ca
|
| 101 |
0 |
|
|a rus
|
| 102 |
|
|
|a RU
|
| 105 |
|
|
|a a z 001zy
|
| 200 |
1 |
|
|a Торцовые уплотнения аппаратов химических производств
|f Г. В. Антипин [и др.]
|
| 210 |
|
|
|a Москва
|c Машиностроение
|d 1984
|
| 215 |
|
|
|a 112 с.
|c ил.
|
| 300 |
|
|
|a Авт. указаны на обороте тит. л.
|
| 320 |
|
|
|a Библиогр.: с. 111-112
|
| 606 |
1 |
|
|a Химическая аппаратура
|x Уплотнения
|2 stltpush
|3 (RuTPU)RU\TPU\subj\31093
|9 54051
|
| 610 |
1 |
|
|a торцовые уплотнения
|
| 610 |
1 |
|
|a уплотнительные прокладки
|
| 610 |
1 |
|
|a конструкции
|
| 610 |
1 |
|
|a монтаж
|
| 610 |
1 |
|
|a эксплуатация
|
| 610 |
1 |
|
|a защитные покрытия
|
| 675 |
|
|
|a 66.02
|z rus
|v 3
|
| 701 |
|
1 |
|a Антипин
|b Г. В.
|g Георгий Васильевич
|
| 701 |
|
1 |
|a Банников
|b М. Т.
|g Михаил Тихонович
|
| 701 |
|
1 |
|a Домашнев
|b А. Д.
|g Андрей Дмитриевич
|
| 701 |
|
1 |
|a Ермолович
|b Е. И.
|
| 801 |
|
0 |
|a RU
|b RuMRKP
|c 19950704
|g psbo
|
| 801 |
|
1 |
|a RU
|b 63413507
|c 20150618
|
| 801 |
|
2 |
|a RU
|b 63413507
|c 20190709
|g RCR
|
| 942 |
|
|
|c BK
|